1257 1320 1753 1957 1388 1144 1269 1184 1794 1377 1450 1392 1827 1000 1605 1400 1606 1134 1975 1142 1829 1114 1535 1529 1531 1378 1487 1955 1697 1268 1074 1164 1389 1038 1390 1726 1468 1317 1138 1331 1753 1650 1478 1553 1559 1477 1491 1313 1940 1243 1532 1549 1810 1001 1712 1616 1041 1704 1870 1695 1078 1061 1813 1449 1726 1081 1663 1257 1496 1420 1592 1672 1302 1154 1633 1600 1021 1281 1036 1586 1424 1020 1297 1559 1537 1000 1014 1763 1048 1488 1767 1394 1750 1622 1406 1549 1875 1918 1847 BCNSPRNW ULIB Ver.6.0+V

เปลี่ยนเป็นภาษาไทย

Change to English
 แสดงรายละเอียดบรรณานุกรม
  กลับหน้าหลัก

Brief Record : Get Marc (ISO 2709) : E-mail record : QR code < ปิดหน้าต่าง
LEADER : 00000nam 2200000uu 4500
001    13399122349
003     ULIB
008    130220s2548||||th 000 0 tha d
099    ^aวจ.WY85^bศ486ก
100 0  ^aศิริวรรณ แซ่เตียว, อมร ไกรดิษฐ์, จริยา พรหมสุวรรณ และทิพย์สุคนธ์ กิจรุ่งโรจน์
245 00 ^aทัศนคติเชิงจริยธรรมของนักศึกษาหลักสูตรพยาบาลศาสตรบัณฑิต วิทยาลัยพยาบาลบรมราชชนนี สงขลา^cโดยศิริวรรณ แซ่เตียว, อมร ไกรดิษฐ์, จริยา พรหมสุวรรณ และทิพย์สุคนธ์ กิจรุ่งโรจน์
260    ^aสงขลา:^bวิทยาลัยพยาบาลบรมราชชนนี สงขลา,^c2548
300    ^a73 หน้า
650  0 ^aจริยธรรมวิชาชีพพยาบาล^xวิจัย
700 0  ^aอมร ไกรดิษฐ์
700 0  ^aจริยา พรหมสุวรรณ
700 0  ทิพย์สุคนธ์ กิจรุ่งโรจน์
945    ^p0^l0^i033598
999    ^aเกษร โพธิ์สุวรรณ
รายการนี้ยังไม่มีแท็ก
คุณยังไม่ได้ล็อกอิน คุณสามารถมีกิจกรรมร่วมกับเว็บไซต์ได้ แต่ต้องล็อกอินก่อน ::
  ล็อกอิน

รายการสื่อสารสนเทศ

ลำดับที่ ประเภท เลขเรียก/บาร์โค้ด สถานที่ สถานะ
1. งานวิจัย
งานวิจัย
วจ.WY85 ศ486ก  
  Barcode: 033598
ห้องสมุดวิทยาเขตสวรรค์ประชารักษ์
►วิจัย
บนชั้น

BibComment


ยังไม่เคยถูกคอมเมนท์

คอมเมนท์ทรัพยากรรายการนี้
  คอมเมนท์: ทัศนคติเชิงจริยธ..


 Copyright 2026. Bcnsprnw @Library